000 01529nam a2200229Ia 4500
003 Ost
005 20260507075431.0
008 260507s9999||||xx |||||||||||||| ||und||
020 _a977422463
040 _cfsecg
041 _aara
082 _a658.15
100 _aعبد الرحيم، محمد ابراهيم
_eمؤلف
245 0 _aدراسات الجدوى الإقتصادية وتقييم أصول المشروعات /
_c محمد ابراهيم عبد الرحيم
260 _aالاسكندرية:
_bمؤسسة شباب الجامعة,
_c2007
300 _a316 صفحة؛
_bإيضاحات ؛
_c24 سم
504 _aببليوغرافيا: ص308-312
520 _aيضم أهمية دراسات الجدوى، دراسات الجدوى التفصيلية، الدراسات السوقية، جدوى لنموذج التجاري، الدراسة الفنية، جدوى استراتيجية التخارج، احتساب صافي القيمة الحالية ومعدل العائد الداخلي بواسطة الحاسب الآلي، التحليل المالي باستخدام النسب المالية، التحليل المالي باستخدام الحاسب الالي، استخدام التحليل المالي في التنبؤ بالفشل المالي، تسعير وتقييم الشركات، تقييم الاصول غير الملموسة، نماذج وحالات تطبيقية
653 _aالمشروعات-تصفية
653 _aالمشروعات-تمويل
942 _cكتاب
999 _c44513
_d44513